000 00556nam a2200205Ia 4500
001 12610
003 GE_BSU
008 181216s||||||||xx |||||||||||||| ||und||
040 _cGE_BSU
080 _a634.3:632
100 _aГикашвили,К.Г.
245 _aУсыхание цитрусовых в Грузии
260 _aТбилиси
260 _bМецниереба
260 _c1984
300 _a235стр.илл.22см.
300 _eТаблицы
653 _aУсыхание цитрусовых в Грузии
942 _cBK
999 _c45782
_d45782